Gaming Quiz

Random Gaming or Pokémon Quiz
Score 0/20 Timer 05:00
0 Plays Today
Pokemon Type Elite Four Member % Correct
DragonLance
93.8%
FightingBruno
92.2%
GhostAgatha
91.4%
PsychicWill
87.2%
IceLorelei
85.6%
PoisonKoga
82.7%
FightingBruno
73.7%
GhostPhoebe
73.3%
DragonDrake
71.6%
DarkKaren
69.1%
Pokemon Type Elite Four Member % Correct
DarkSidney
68.7%
IceGlacia
68.7%
FireFlint
39.1%
BugAaron
38.7%
GroundBertha
37.4%
PsychicLucian
36.2%
FightingMarshal
34.2%
DarkGrimsley
32.9%
GhostShauntal
30.9%
PsychicCaitlin
30%

You're not logged in!

Compare scores with friends on all Sporcle quizzes.
OR
Log In

Sporcle TV

Today on Sporcle TV


Watch our educational content, quiz creation guides, and fun videos on Sporcle TV.

Show Comments

Extras

Top Quizzes Today


Score Distribution

Paid Content

Your Account Isn't Verified!

In order to create a playlist on Sporcle, you need to verify the email address you used during registration. Go to your Sporcle Settings to finish the process.

Report this User

Report this user for behavior that violates our Community Guidelines.

Details: